000 00530nam a22001575i 4500
001 53493
003 ES-MaACL
005 20230906162758.0
007 t|
008 950928s1821 sp ||||1| spa d
040 _aCAM
_bspa
_cCAM
245 0 0 _aExposición sencilla de los sentimientos y conducta del Cuerpo de Guardias de la persona del Rey con motivo de los sucesos de... febrero de 1821.
260 _aMadrid :
_bLeonardo Núñez de Vargas,
_c1821.
300 _a68 p. ;
_c20 cm.
852 _aES-MaACL
_jR-3048
_xOlim:D-4161
999 _c53493
_d53493